书目信息 |
| 题名: |
国外翻译界
|
|
| 作者: | 巴特勒 编 ;赵辛而 , 李森 编译 | |
| 分册: | ||
| 出版信息: | 北京 中国对外翻译出版公司 1986 |
|
| 页数: | 203页 | |
| 开本: | 20cm | |
| 丛书名: | ||
| 单 册: | ||
| 中图分类: | H059 | |
| 科图分类: | ||
| 主题词: | 翻译--外国 | |
| 电子资源: | ||
| ISBN: | ||
| 000 | 00770nam0 2200265 45 | |
| 001 | 0186017377 | |
| 005 | 20060817145916.65 | |
| 010 | @dCNY1.15 | |
| 091 | @aCN@b90220.34 | |
| 100 | @a19900809d1986 emky0chiy0121 ea | |
| 101 | 1 | @achi@ceng |
| 105 | @ay z 000yy | |
| 200 | 10 | @a国外翻译界@Aguo wai fan yi jie@f(美)巴特勒编@g赵辛而, 李森编译 |
| 210 | @a北京@c中国对外翻译出版公司@d1986 | |
| 215 | @a203页@d20cm | |
| 300 | @a据Translation and Translators1979年版编译 | |
| 510 | 1 | @aTranslation and Translators@zeng |
| 606 | @a翻译@y外国 | |
| 690 | @aH059@v3 | |
| 701 | 1 | @a巴特勒@Aba te le@4编 |
| 702 | 0 | @a赵辛而@Azhao xin er@4编译 |
| 702 | 0 | @a李森@Ali sen@4编译 |
| 801 | 0 | @aCN@bTSSF@c20060817 |
| 801 | 2 | @aCN@bNLC@c20060811 |
| 905 | @a10447@dH059@e106 | |
| 国外翻译界/(美)巴特勒编/赵辛而, 李森编译.-北京:中国对外翻译出版公司,1986 |
| 203页;20cm |
| 据Translation and Translators1979年版编译 |
| ISBN :CNY1.15 |
| ● |
| 相关链接 |
|
|
|
|
正题名:国外翻译界
索取号:H059/106
 
预约/预借
| 序号 | 登录号 | 条形码 | 馆藏地/架位号 | 状态 | 备注 |
| 1 | 0455479 | 204554794 | 密集书库/ [索取号:H059/106] | 在馆 | |
| 2 | 0466298 | 204662980 | 密集书库/ [索取号:H059/106] | 在馆 |